000 00667nam a2200205 i 4500
001 183379
003 ES-MaACL
005 20250815070152.0
008 140411s1911 it | |||| ||ita d
100 1 _aGioberti, Vincenzo.
_957153
245 1 4 _aDel rinnovamento civile d'Italia.
_nII /
_cVincenzo Gioberti ; a cura di Fausto Nicolini.
260 _aBari :
_bGius. Laterza & Figli,
_c1911.
300 _a395 p. ;
_c21 cm.
490 1 _aScrittori d'Italia ;
_v16
651 4 _aItalia-
_xHistoria-
_y1815-1870.
_9151353
700 0 _aNicolini, Fausto.
_985597
830 0 0 _aScrittori d'Italia
_v16
_9191925
852 _aES-MaACL
_jG-3717
999 _c183379
_d183379